|
|
|
|
| LEADER |
00000nam a22000007a 4500 |
| 005 |
20220307120338.0 |
| 007 |
cr|||| |||| |
| 008 |
220307s2020 br |||||s|||| 00||0 por d |
| 020 |
|
|
|a 978-65-5883-013-9
|
| 035 |
|
|
|a 36102
|
| 040 |
|
|
|a vLex
|
| 090 |
|
|
|c 13043
|d 13043
|
| 100 |
1 |
|
|a Codo, Wanderley
|
| 245 |
1 |
0 |
|a Sad︢e mental e trabalho no serviȯ pb︢lico
|h [Recurso electrn̤ico] /
|c Wanderley Codo, Anala̕ Soria Batista, Remg̕io Todeschini
|
| 256 |
|
|
|a Servicio en ln̕ea
|
| 260 |
|
|
|a San Pablo:
|b LTR,
|c 2020
|
| 300 |
|
|
|a 1 recurso electrn̤ico
|
| 506 |
1 |
|
|a Disponible solo en los productos indicados
|d vLex Global
|d vLex Global (Academic Edition, excluding Law Schools)
|d vLex Global (U.S. Academic Edition, Law Schools)
|d vLex Global (U.S. Academic Edition, excluding Law Schools)
|d vLex Global (Academic Edition, Law Schools)
|
| 650 |
0 |
4 |
|a Derecho Laboral y Seguridad Social
|z Brasil
|
| 700 |
1 |
|
|a Batista, Anala̕ Soria
|
| 700 |
1 |
|
|a Todeschini, Remg̕io
|
| 740 |
0 |
|
|a vLex Libros (Servicio en ln̕ea)
|
| 856 |
4 |
0 |
|u https://app.vlex.com/#/sources/36102
|z Acceso restringido
|
| 942 |
|
|
|c BOOK
|
| 999 |
0 |
|
|a Labor law and social security
|